Statistiken für Europäische Hauptstädte!

Klicken Sie hier um das Quiz zu spielen!

Allgemein

  • Dieses Quiz wurde 86 mal gespielt
  • Das Durchschnittsergebnis liegt bei 14 aus 15

Antwortstatistiken

HintAnswer% Korrekt
ItalienRom
100%
DeutschlandBerlin
100%
Vereinigtes KönigreichLondon
100%
ÖsterrecihWien
100%
SpanienMadrid
100%
IrlandDublin
100%
SchweizBern
99%
RusslandMoskau
99%
NorwegenOslo
98%
SchwedenStockholm
98%
FinnlandHelsinki
98%
PolenWarschau
96%
KroatienZagreb
86%
IslandReykjavik
81%
UkraineKiev
68%

Verteilung der Resultate

Perzentil nach korrekt beantworteten Fragen

Anzahl Personen mit jedem Resultat

Ihre Resultats-Entwicklung

Sie haben dieses Quiz noch nicht gespielt